| 000 | 00974nam a2200301 i 4500 | ||
|---|---|---|---|
| 001 | bg | ||
| 100 | 1 | _aLUBOŚNY, Zbigniew | |
| 245 | 1 | 0 |
_aSelf-organising controllers of generating unit in electric power system / _cZbigniew Lubośny. |
| 260 |
_aGdańsk : _bWydaw. PG, _c1999. |
||
| 300 |
_a154 s. : _brys., wykr. ; _c24 cm. |
||
| 490 | 1 |
_aMonografie / Politechnika Gdańska ; _v4 |
|
| 500 | _aStreszcz. pol. | ||
| 504 | _aBibliogr. s. 139-150. | ||
| 650 | 9 |
_aAlgorytmy genetyczne _xstosowanie _xtechnika |
|
| 650 | 9 | _aPrądnice | |
| 650 | 9 |
_aRegulatory _xstosowanie |
|
| 650 | 9 |
_aSieci neuronowe _xstosowanie _xtechnika |
|
| 650 | 9 |
_aSterowanie _xautomatyzacja _xzagadnienia |
|
| 650 | 9 | _aTurbiny | |
| 830 | 0 |
_aMonografie (Politechnika Gdańska) ; _v4 |
|
| 020 | _a8388007041 | ||
| 040 | _cBPK | ||
| 041 | 0 |
_aen _bpl |
|
| 080 | _a621.313-5:004.032.26:519.7/.8:510.5:575 | ||
| 920 | _a83-88007-04-1 | ||
| 942 | _cKS | ||
| 008 | s pl f |000 0 pol | ||
| 999 |
_c38431 _d38431 |
||
| 856 |
_uhttp://koha.tu.koszalin.pl/cgi-bin/koha/opac-detail.pl?biblionumber=38431 _yKatalog online BPK |
||